000 00919cam a2200301 a 4500
003 OSt
005 20140310184455.0
008 940502s1994 ctua j 000 1 eng
010 _a 94020306
020 _a0590677314
040 _aDLC
_cDLC
_dDLC
042 _alcac
050 0 0 _aPZ 7
_b.G586Cr 1996
100 1 _aGomi, Tarō.
_928351
245 1 4 _aThe crocodile and the dentist /
_cTaro Gomi.
260 _aBrookfield, Conn. :
_bMillbrook Press,
_c1996.
300 _bcol. ill. ;
_c22 cm.
521 _aG1
526 _c180
650 1 _aCrocodiles
_xFiction.
_928352
650 1 _aDentists
_xFiction.
_928353
906 _a7
_bcbc
_corignew
_d1
_eocip
_f19
_gy-gencatlg
942 _2lcc
_cBK-SCHOLAS
999 _c34655
_d34655